000 00550nam a2200193Ia 4500
005 20250326141248.0
008 250326s9999 xx 000 0 und d
020 _a0-7494-0136-2
037 _aTextbook
040 _aFMSL
_beng
_cFMSL
041 _aeng
_2eng
084 _aX:97 N0
_qFMSL
100 _aDrummond H
_9742918
245 0 _aManaging difficult staff: effective process dures and the law
_cDrummond H
260 _aLondon
_bLondon, Kogan Page
_c1990
300 _a267p
942 _cTB
_hX:97 N0
999 _c1289484
_d1289484